000 00530nam a2200193 a 4500
001 1770453312997
003 YourLibrary
005 20260207140845.0
008 260207s2005##################000#0#eng##
020 _a9780521621991
082 0 4 _a330.9
_bDOP
100 1 _aDopfer, Kurt,
_eauthor.
245 1 0 _aThe Evolutionary Foundations of Economics :
260 _bCambridge University Press,
_c2005.
300 _a592 pages
650 0 _aBusiness & Economics.
942 _cENGLISH
040 _aYourLibrary
_beng
_cYourLibrary
999 _c611058
_d611058